000 00560nam a22001817a 4500
005 20251108164239.0
008 250721s1986 xx 000 0 ara d
082 1 4 _a792/برو
100 1 _aبروك، بيتر
245 1 0 _aالمساحه الفارغه :
_bهل المسرح ضروري في عالمنا ؟ /
264 1 _aالقاهره :
_bدار الهلال،
_c1986.
300 _a218ص
490 0 _aكتاب الهلال
650 1 7 _aالمسرح
700 1 _aعبد القادر، فاروق
_eترجمة
942 _2ddc
_cBK
999 _c7393
_d7393